000 00481nam a22001337a 4500
005 20241011111832.0
008 241011b |||||||| |||| 00| 0 eng d
100 _aSingh, Jaswinder.
_eauthor.
_962831
245 _aEncouragement at the heart of education innovation /
_cJaswinder Singh.
260 _aWashington;
_bTaylor & Francis Group,
_cJuly-August 2020.
300 _aVolume 96, pages 60-65,
_billustration.
700 _aSingh, Jaswinder.
_eauthor.
_962832
942 _2ddc
_cPER
999 _c22506
_d22506